[Event "SK Schmiden/Cannstatt 1 - SK Bebenhausen 1"]
[Site "Oberliga 2019/2020"]
[Date "2020.09.13"]
[Time "10:00:00"]
[Round "9"]
[White "Braun, Georg"]
[Black "Trachtmann, Mark"]
[WhiteElo "2366"]
[BlackElo "2234"]
[WhiteTeam "SK Bebenhausen 1"]
[BlackTeam "SK Schmiden/Cannstatt 1"]
[Board "1"]
[Result "1-0"]

1.e4 g6 2.d4 Bg7 3.Nc3 d6 4.Be3 Nc6 5.f4 Nf6 6.Nf3 O-O 7.e5 Ng4
8.Bg1 dxe5 9.dxe5 f6 10.Bc4+ Kh8 11.h3 Nh6 12.Qe2 fxe5 13.fxe5
Bf5 14.Bd5 Nb4 15.Bb3 c6 16.Rd1 Qa5 {(=)} 17.Bd4 Nd5 18.Bxd5
cxd5 19.e6 Bxd4 20.Rxd4 Rf6 21.Rxd5 Qb6 22.Rb5 Qd6 23.Qe5 Qxe6
24.Qxe6 Rxe6+ 25.Kd2 Rd6+ 26.Kc1 b6 27.Re1 Ng8 28.Rbe5 Rad8 29.Nb5
Rd5 30.Nxa7 Rxe5 31.Rxe5 Ra8 32.Nc6 Rxa2 33.Nxe7 Ra1+ 34.Kd2
Nxe7 35.Rxe7 Rf1 36.Nd4 Rg1 37.g4 Bxg4 38.hxg4 Rxg4 39.Kd3 h5
40.Re4 Rg1 41.Nf3 Rg3 42.Ke3 Rg2 43.Ne1 Rg1 44.Kf2 Rg5 45.Nf3
Rc5 46.c4 Kg7 47.b4 Rf5 48.Re7+ Kh6 49.Kg3 b5 50.c5 g5 51.Re6+
Kg7 52.Re5 h4+ 53.Kf2 Rf4 54.Rxg5+ Kf6 55.c6 Ke6 56.Rc5 1-0

[Event "SK Schmiden/Cannstatt 1 - SK Bebenhausen 1"]
[Site "Oberliga 2019/2020"]
[Date "2020.09.13"]
[Time "10:00:00"]
[Round "9"]
[White "Holzhäuer, Mathias"]
[Black "Bräuning, Rudolf Wilhelm"]
[WhiteElo "2187"]
[BlackElo "2305"]
[WhiteTeam "SK Schmiden/Cannstatt 1"]
[BlackTeam "SK Bebenhausen 1"]
[Board "2"]
[Result "1/2-1/2"]

1.e4 c5 2.Nc3 Nc6 3.f4 g6 4.Nf3 Bg7 5.Bb5 Nd4 6.O-O Nxb5 7.Nxb5
d5 8.exd5 a6 9.Nc3 Nf6 10.d4 Nxd5 11.dxc5 Be6 12.Ne4 O-O 13.Qe1
Bf5 14.c3 Qc7 15.Ne5 Rad8 16.Ng3 Qxc5+ 17.Kh1 Bc8 18.Bd2 b5 19.Rc1
Nb6 20.Be3 Qc7 21.Qf2 Nc4 22.Nxc4 Qxc4 23.b3 Qd5 24.c4 bxc4 25.Rxc4
Bb7 26.f5 Rd7 27.Ne4 Ba8 28.Nc5 Rd6 29.Rf4 Rf6 30.Qc2 Rc8 31.b4
Qe5 32.Bd4 Qd6 33.Bxf6 Bxf6 34.fxg6 hxg6 35.Qf2 Kg7 36.Ne4 Bxe4
37.Rxe4 Qd3 38.Qe2 Qa3 39.h3 Rc3 {(=)} 40.Ref4 Re3 41.Qf2 Re6
42.Qc2 Qg3 43.R4f3 Qd6 44.Qc4 Qd7 45.Rd3 Qb7 46.Rd5 Re3 47.Kg1
Rc3 48.Qe4 Qc6 49.Re5 Qd6 50.Ra5 Re3 51.Qf4 Qd3 52.Rxa6 Re4 53.Qf3
Bd4+ 54.Kh2 Be5+ 55.Kg1 Bd4+ 56.Kh2 Be5+ 57.Kg1 Bd4+ 1/2-1/2

[Event "SK Schmiden/Cannstatt 1 - SK Bebenhausen 1"]
[Site "Oberliga 2019/2020"]
[Date "2020.09.13"]
[Time "10:00:00"]
[Round "9"]
[White "Carstens, Andreas"]
[Black "Krockenberger, Martin"]
[WhiteElo "2067"]
[BlackElo "2224"]
[WhiteTeam "SK Bebenhausen 1"]
[BlackTeam "SK Schmiden/Cannstatt 1"]
[Board "3"]
[Result "0-1"]

1.e4 c5 2.Nf3 d6 3.d4 cxd4 4.Nxd4 Nf6 5.Nc3 a6 6.h3 e6 7.g4 Nc6
8.Bg2 Nd7 9.Be3 Nde5 10.Qe2 Bd7 11.f4 Nxd4 12.Bxd4 Nc6 13.Bf2
Be7 14.O-O-O Qa5 15.Kb1 Rc8 16.Be1 Qc7 17.h4 b5 18.Qd2 O-O 19.g5
Rfd8 20.h5 b4 21.Ne2 d5 22.e5 Nxe5 23.Nd4 Nc4 24.Qc1 Bc5 25.Bh3
a5 26.g6 a4 27.gxf7+ Kxf7 28.Bh4 Re8 29.Rhe1 Qb6 30.Bf2 b3 31.c3
a3 32.f5 axb2 33.Qg5 bxa2+ 34.Kxa2 b1Q+ 0-1

[Event "SK Schmiden/Cannstatt 1 - SK Bebenhausen 1"]
[Site "Oberliga 2019/2020"]
[Date "2020.09.13"]
[Time "10:00:00"]
[Round "9"]
[White "Löhr, Markus"]
[Black "Latzke, Boris"]
[WhiteElo "2153"]
[BlackElo "2174"]
[WhiteTeam "SK Schmiden/Cannstatt 1"]
[BlackTeam "SK Bebenhausen 1"]
[Board "4"]
[Result "1-0"]

1.d4 Nf6 2.c4 e6 3.g3 d5 4.Bg2 dxc4 5.Nf3 Be7 6.O-O O-O 7.Qc2
a6 8.a4 Nc6 9.Qxc4 Nb4 10.Bg5 b5 11.Qb3 bxa4 12.Rxa4 Rb8 13.Bxf6
gxf6 14.Nbd2 Bd7 15.Raa1 Bb5 16.Rfe1 f5 17.Qc3 Nd5 18.Qc1 Bb4
19.e4 Ne7 20.exf5 Nxf5 21.Re4 Be7 22.Qc3 Bf6 23.Ne5 Kh8 24.Ndf3
Qd6 25.Rc1 Rbd8 26.h4 Rc8 27.Ng5 Be8 28.Qf3 Bg7 29.Rce1 f6 30.Nc4
Qb4 31.Nxe6 Bc6 32.Qxf5 Qxc4 33.Nxf8 Rxf8 34.Rg4 Bxg2 35.Kxg2
Qb4 36.Qd7 Rg8 37.Qxg7+ 1-0

[Event "SK Schmiden/Cannstatt 1 - SK Bebenhausen 1"]
[Site "Oberliga 2019/2020"]
[Date "2020.09.13"]
[Time "10:00:00"]
[Round "9"]
[White "Wendler, David"]
[Black "Thoma, Christian"]
[WhiteElo "2275"]
[BlackElo "2144"]
[WhiteTeam "SK Bebenhausen 1"]
[BlackTeam "SK Schmiden/Cannstatt 1"]
[Board "5"]
[Result "1-0"]

1.e4 c5 2.c3 d5 3.exd5 Nf6 4.d4 Nxd5 5.Nf3 e6 6.Bd3 Nc6 7.O-O
cxd4 8.cxd4 Be7 9.Nc3 O-O 10.Be3 Nxe3 11.fxe3 b6 12.Be4 Bb7 13.Ne5
Nxe5 14.Bxb7 Rb8 15.Be4 Nd7 16.Qh5 g6 17.Qf3 Nf6 18.Bc6 Rc8 19.Rac1
Nd7 20.Bb7 Rc7 21.Nb5 Rxc1 22.Rxc1 Bg5 23.Nxa7 Bxe3+ 24.Qxe3
Qb8 25.d5 exd5 26.Bc8 Qxa7 27.Qe7 b5+ 28.Kh1 Qxa2 29.Bxd7 Qxb2
30.Rf1 Qg7 31.Bxb5 h5 32.Bc6 Qd4 33.Be8 Qg7 34.Bc6 Qd4 35.Be8
Qg7 36.h3 d4 37.Bb5 f5 38.Bc4+ Kh7 39.Qd6 Qf6 40.Qc7+ Kh6 41.Re1
f4 42.Re6 Qf5 43.Qd6 f3 44.Rxg6+ Kh7 45.Rg3 fxg2+ 46.Kh2 h4 47.Bd3
hxg3+ 48.Qxg3 1-0

[Event "SK Schmiden/Cannstatt 1 - SK Bebenhausen 1"]
[Site "Oberliga 2019/2020"]
[Date "2020.09.13"]
[Time "10:00:00"]
[Round "9"]
[White "Eisele, Steffen"]
[Black "Roth, Jürgen Eugen"]
[WhiteElo "2191"]
[BlackElo "2119"]
[WhiteTeam "SK Schmiden/Cannstatt 1"]
[BlackTeam "SK Bebenhausen 1"]
[Board "6"]
[Result "1-0"]

1.e4 c5 2.Nf3 Nc6 3.Bb5 e6 4.Bxc6 bxc6 5.O-O d5 6.d3 Nf6 7.Nc3
Be7 8.Bf4 O-O 9.e5 Nd7 10.Re1 Rb8 11.Rb1 Rb4 12.Bg3 Nb6 13.a3
Rg4 14.Ne2 f5 15.exf6 gxf6 16.h3 Rg7 17.d4 Bd6 18.dxc5 Bxc5 19.Bf4
Re8 20.Bh6 Rg6 21.Qc1 Kh8 22.b4 Bd6 23.Nh4 Rgg8 24.Nd4 f5 25.Ndxf5
Nc4 26.Nxd6 Qxd6 27.Bf4 e5 28.Bg3 Qf6 29.Kh2 Bf5 30.Rb3 Be4 31.Rc3
Bg6 32.Rxc4 dxc4 33.Qb2 Rgf8 34.Bxe5 Rxe5 35.Qxe5 Qxe5+ 36.Rxe5
Bxc2 37.Rc5 Bd3 38.Nf3 Rf6 39.Kg3 Rg6+ 40.Kh2 Rf6 41.Kg1 Re6
42.Ne5 Be4 43.Nf7+ Kg7 44.Ng5 Re7 45.Nxe4 Rxe4 46.Rxc6 1-0

[Event "SK Schmiden/Cannstatt 1 - SK Bebenhausen 1"]
[Site "Oberliga 2019/2020"]
[Date "2020.09.13"]
[Time "10:00:00"]
[Round "9"]
[White "Kasüschke, Lars Göran"]
[Black "Hamburg, Arthur"]
[WhiteElo "1957"]
[BlackElo "1922"]
[WhiteTeam "SK Bebenhausen 1"]
[BlackTeam "SK Schmiden/Cannstatt 1"]
[Board "7"]
[Result "1-0"]

1.e4 c5 2.Nf3 Nc6 3.Bb5 e6 4.O-O Nf6 5.Re1 Be7 6.c3 O-O 7.d4
d5 8.e5 Ne4 9.Bd3 cxd4 10.cxd4 Bb4 11.Bxe4 dxe4 12.Rxe4 f6 13.exf6
Qxf6 14.Nc3 Bd6 15.Bg5 Qf5 16.Bh4 Bd7 17.Qe2 Rae8 18.Rd1 Nb4
19.Ne5 Bc8 20.g4 1-0

[Event "SK Schmiden/Cannstatt 1 - SK Bebenhausen 1"]
[Site "Oberliga 2019/2020"]
[Date "2020.09.13"]
[Time "10:00:00"]
[Round "9"]
[White "Aidam-Reinisch, Günther"]
[Black "Freiherr von Hauff, Christopher"]
[WhiteElo "1695"]
[BlackElo "1972"]
[WhiteTeam "SK Schmiden/Cannstatt 1"]
[BlackTeam "SK Bebenhausen 1"]
[Board "8"]
[Result "1/2-1/2"]

1.e4 Nc6 2.d4 d5 3.e5 Bf5 4.c3 e6 5.Be3 f6 6.f4 Nge7 7.Nd2 Bg6
8.Be2 Nf5 9.Bf2 fxe5 10.fxe5 Be7 11.Ngf3 O-O 12.O-O Qd7 13.Qa4
Nxe5 14.Qxd7 Nxd7 15.Rae1 Nd6 16.Bg3 Rae8 17.Nh4 Bxh4 18.Bxh4
Nf6 19.Nf3 Ng4 20.Bg5 Ne4 21.Bc1 c5 22.Bb5 Re7 23.dxc5 Nxc5 24.Bg5
Ref7 25.h3 Nh6 26.Re5 a6 27.Be2 Rf5 28.Be7 Rxe5 29.Nxe5 Rxf1+
30.Kxf1 Ne4 31.Bh4 Be8 32.g4 Nf7 33.Nf3 Bd7 34.Bd3 Nc5 35.Bc2
Bb5+ 36.Ke1 e5 37.Be7 Ne6 38.Bf5 Nf4 39.h4 g6 40.Bc2 Bd7 41.Nh2
Kg7 42.Kf2 h6 43.Kf3 Bc6 44.Ke3 d4+ 45.Kd2 dxc3+ 46.bxc3 Nd5
47.Bc5 Nf6 48.Ke3 Nd5+ 49.Kd2 Nf4 50.Bb3 Ng2 51.Bf2 Nd6 52.Bc2
Bd5 53.a4 Nc4+ 54.Ke2 Nf4+ 55.Kd1 Kf7 56.Ke1 Na3 57.Kd2 Nc4+
58.Ke1 g5 59.hxg5 hxg5 60.Bc5 e4 61.Nf1 Nb2 62.Bd4 Nc4 63.Ne3
Nxe3 64.Bxe3 Ke6 65.Kd2 Bc6 66.a5 Ke5 67.Bd4+ Ke6 1/2-1/2

[Event "SF Deizisau 2 - SC Weiler im Allgäu 1"]
[Site "Oberliga 2019/2020"]
[Date "2020.09.13"]
[Time "10:00:00"]
[Round "9"]
[White "Basso, Pier Luigi"]
[Black "Köllner, Ruben Gideon"]
[WhiteElo "2543"]
[BlackElo "2312"]
[WhiteTeam "SC Weiler im Allgäu 1"]
[BlackTeam "SF Deizisau 2"]
[Board "1"]
[Result "1/2-1/2"]

1.d4 d6 2.e4 Nf6 3.Nc3 e5 4.dxe5 dxe5 5.Qxd8+ Kxd8 6.Bc4 Be6
7.Bxe6 fxe6 8.f3 Bd6 9.Nh3 Ke7 10.b3 Nc6 11.Bb2 Nd7 12.Nf2 Nc5
13.Nb5 a6 14.Nxd6 cxd6 15.O-O-O b5 16.Rd2 a5 17.Rhd1 Rhd8 18.Ba3
b4 19.Bb2 a4 20.Kb1 Na7 21.Nd3 Nxd3 22.cxd3 Nb5 23.Rc1 axb3 24.axb3
Na3+ 25.Bxa3 {(=)} Rxa3 26.Rc4 Rb8 27.Kb2 d5 28.Rxb4 Rba8 29.exd5
exd5 30.d4 Ra2+ 31.Kc3 Rxd2 32.Kxd2 Ra2+ 33.Ke3 exd4+ 34.Rxd4
Rxg2 35.Rd2 Rg5 36.Ra2 Rg1 37.Kd4 Rd1+ 38.Ke5 d4 39.Ra7+ Kf8
40.Rb7 d3 41.Ke4 h5 42.b4 d2 43.Ke3 Rh1 44.Kxd2 Rxh2+ 45.Ke3
Rb2 46.Kf4 h4 47.Kg4 Rb3 48.b5 h3 49.Kg3 h2 50.Kxh2 Rxf3 51.Kg2
Rb3 52.Kf2 Ke8 53.Rxg7 Rxb5 1/2-1/2

[Event "SF Deizisau 2 - SC Weiler im Allgäu 1"]
[Site "Oberliga 2019/2020"]
[Date "2020.09.13"]
[Time "10:00:00"]
[Round "9"]
[White "Fischer, Sebastian"]
[Black "Henrichs, Thomas"]
[WhiteElo "2306"]
[BlackElo "2434"]
[WhiteTeam "SF Deizisau 2"]
[BlackTeam "SC Weiler im Allgäu 1"]
[Board "2"]
[Result "1/2-1/2"]

1.d4 Nf6 2.Bg5 d5 3.e3 c5 4.Bxf6 gxf6 5.dxc5 e6 6.Nf3 Nd7 7.c4
dxc4 8.Bxc4 Bxc5 9.O-O O-O 10.Qc2 Be7 11.Nbd2 Qc7 1/2-1/2

[Event "SF Deizisau 2 - SC Weiler im Allgäu 1"]
[Site "Oberliga 2019/2020"]
[Date "2020.09.13"]
[Time "10:00:00"]
[Round "9"]
[White "Kessler, Luca"]
[Black "Bronznik, Valerij"]
[WhiteElo "2443"]
[BlackElo "2244"]
[WhiteTeam "SC Weiler im Allgäu 1"]
[BlackTeam "SF Deizisau 2"]
[Board "3"]
[Result "1/2-1/2"]

1.Nf3 d5 2.g3 Nc6 3.d4 Bg4 4.Bg2 Qd7 5.h3 Bxf3 6.Bxf3 O-O-O 7.Nc3
e6 8.a3 Nf6 9.O-O e5 10.dxe5 Nxe5 11.Bg2 Bc5 12.b4 Bb6 13.Bg5
c6 14.b5 Qf5 15.Bxf6 Qxf6 16.bxc6 bxc6 17.Na4 Nc4 18.e4 dxe4
19.Qg4+ Kc7 20.Nxb6 axb6 21.Bxe4 Nd2 22.Rfe1 h5 23.Qf4+ Qxf4
24.gxf4 Nxe4 25.Rxe4 Rhe8 26.Rae1 Rxe4 27.Rxe4 Kd6 28.Kg2 Ra8
29.a4 Ra5 30.Kg3 Rc5 31.Rd4+ Ke7 32.Re4+ Kd6 33.Rd4+ 1/2-1/2

[Event "SF Deizisau 2 - SC Weiler im Allgäu 1"]
[Site "Oberliga 2019/2020"]
[Date "2020.09.13"]
[Time "10:00:00"]
[Round "9"]
[White "Gustain, Marc"]
[Black "Barp, Alberto"]
[WhiteElo "2143"]
[BlackElo "2402"]
[WhiteTeam "SF Deizisau 2"]
[BlackTeam "SC Weiler im Allgäu 1"]
[Board "4"]
[Result "1/2-1/2"]

1.e4 c6 2.d4 d5 3.e5 Bf5 4.h4 h5 5.Bd3 Bxd3 6.Qxd3 Qa5+ 7.Bd2
Qa6 8.e6 Qxd3 9.exf7+ Kxf7 10.cxd3 Nd7 11.Nf3 e6 12.O-O Nh6 13.Nc3
Nf5 14.Rae1 Be7 15.g3 Bf6 16.Ne2 e5 17.dxe5 Nxe5 18.Nxe5+ Bxe5
19.Bc3 Rae8 20.Kg2 Re7 21.Bxe5 Rxe5 22.Nf4 Rhe8 23.Rxe5 Rxe5
24.Nxh5 Re2 25.Rb1 Rd2 26.Nf4 Ne3+ 27.Kg1 Nd1 28.b4 Nxf2 29.Rf1
Ng4 30.Nxd5+ Kg8 31.Ne7+ Kh7 32.Rf4 Nf6 33.a4 Rxd3 34.Kg2 a6
35.g4 Rd2+ 36.Kf3 Rd3+ 37.Kg2 Re3 38.Nf5 Rb3 39.Ne7 Rb2+ 40.Kf3
Rb3+ 41.Kf2 Nd7 42.Rf5 Nf6 43.Rf4 Rb2+ 1/2-1/2

[Event "SF Deizisau 2 - SC Weiler im Allgäu 1"]
[Site "Oberliga 2019/2020"]
[Date "2020.09.13"]
[Time "10:00:00"]
[Round "9"]
[White "Tuncer, Ufuk"]
[Black "Jelica, Mara"]
[WhiteElo "2296"]
[BlackElo "2051"]
[WhiteTeam "SC Weiler im Allgäu 1"]
[BlackTeam "SF Deizisau 2"]
[Board "5"]
[Result "1-0"]

1.e4 e5 2.Nf3 Nc6 3.Bb5 a6 4.Ba4 Nf6 5.O-O Be7 6.Re1 b5 7.Bb3
O-O 8.c3 d5 9.d3 dxe4 10.dxe4 Qxd1 11.Bxd1 h6 12.Nbd2 Be6 13.Nf1
Rfd8 14.Ng3 Bc5 15.h3 Bc4 16.Nd2 Bd3 17.Nb3 Bb6 18.Be3 Bxe3 19.Rxe3
Bc4 {(=)} 20.Bc2 a5 21.Nc5 Rd2 22.Rc1 Rd6 23.a4 bxa4 24.Bxa4
Ne7 25.Nf5 Nxf5 26.exf5 Rb8 27.b3 Rd5 28.Ne4 Bd3 29.c4 Rd4 30.Nc5
Bxf5 31.Rxe5 Bg6 32.Na6 Rbd8 33.Nxc7 Rd1+ 34.Re1 Rxc1 35.Rxc1
Rd2 36.c5 Ne4 37.c6 Nxf2 38.Nb5 Bf5 39.c7 Bc8 40.Na7 Nd3 41.Nxc8
Nxc1 1-0

[Event "SF Deizisau 2 - SC Weiler im Allgäu 1"]
[Site "Oberliga 2019/2020"]
[Date "2020.09.13"]
[Time "10:00:00"]
[Round "9"]
[White "Gheng, Dominik"]
[Black "Hasenohr, Benedict"]
[WhiteElo "2085"]
[BlackElo "2266"]
[WhiteTeam "SF Deizisau 2"]
[BlackTeam "SC Weiler im Allgäu 1"]
[Board "6"]
[Result "1-0"]

1.e4 e6 2.d4 d5 3.Nd2 Nf6 4.Bd3 c5 5.exd5 Qxd5 6.Ngf3 cxd4 7.Nb3
Nc6 8.Qe2 a6 9.O-O Be7 10.Bf4 O-O 11.Rad1 Kh8 12.Bc4 Qf5 13.Bg3
b5 14.Nbxd4 Nxd4 15.Nxd4 Qc5 16.Bb3 Bb7 17.Bh4 {(=)} Rae8 18.c4
e5 19.Nf5 Qc6 20.Ne3 b4 21.Nd5 Nd7 22.Bxe7 Rxe7 23.Ba4 Qg6 24.Qf3
Qg5 25.Qg3 Qxg3 26.fxg3 Bxd5 27.cxd5 Nf6 28.d6 Rb7 29.Rf5 e4
30.d7 Rd8 31.Re5 Rbb8 32.Re7 Rf8 33.Rxf7 1-0

[Event "SF Deizisau 2 - SC Weiler im Allgäu 1"]
[Site "Oberliga 2019/2020"]
[Date "2020.09.13"]
[Time "10:00:00"]
[Round "9"]
[White "Wunder, Niklas"]
[Black "Rempeli, Alex"]
[WhiteElo "2067"]
[BlackElo "2104"]
[WhiteTeam "SC Weiler im Allgäu 1"]
[BlackTeam "SF Deizisau 2"]
[Board "7"]
[Result "0-1"]

1.d4 d5 2.c4 e6 3.Nf3 c6 4.e3 f5 5.Bd3 Nf6 6.O-O Bd6 7.b3 Qe7
8.Bb2 O-O 9.Qc1 b6 10.Ba3 c5 11.Nc3 Nbd7 12.cxd5 Nxd5 13.Nb5
Bb8 14.dxc5 bxc5 15.Rd1 Bb7 16.Bf1 Rf6 17.g3 f4 18.Bg2 fxe3 19.fxe3
a6 20.Nbd4 Bd6 21.Ne2 Nb4 22.Nf4 Nb6 23.Bb2 e5 24.Rxd6 Rxd6 25.Nxe5
Bxg2 26.Kxg2 Rad8 27.Nc4 Qe4+ 28.Kg1 Nxc4 29.Qxc4+ Qxc4 30.bxc4
Rd1+ 31.Kg2 R1d2+ 0-1

[Event "SF Deizisau 2 - SC Weiler im Allgäu 1"]
[Site "Oberliga 2019/2020"]
[Date "2020.09.13"]
[Time "10:00:00"]
[Round "9"]
[White "Brenner, Markus"]
[Black "Wunder, Fabian"]
[WhiteElo "2037"]
[BlackElo "2054"]
[WhiteTeam "SF Deizisau 2"]
[BlackTeam "SC Weiler im Allgäu 1"]
[Board "8"]
[Result "1/2-1/2"]

1.e4 d6 2.d4 Nf6 3.Nc3 c6 4.f4 Qa5 5.e5 Ne4 6.Qf3 d5 7.Bd3 f5
8.exf6 exf6 9.Bxe4 dxe4 10.Qxe4+ Be7 11.d5 1/2-1/2

[Event "SV Nürtingen 1 - SC Böblingen 1"]
[Site "Oberliga 2019/2020"]
[Date "2020.09.13"]
[Time "10:00:00"]
[Round "9"]
[White "Gähwiler, Gabriel"]
[Black "Weigand, Bernhard"]
[WhiteElo "2404"]
[BlackElo "2180"]
[WhiteTeam "SC Böblingen 1"]
[BlackTeam "SV Nürtingen 1"]
[Board "1"]
[Result "1-0"]

1.e4 c5 2.Nf3 Nc6 3.d4 cxd4 4.Nxd4 g6 5.Nc3 Bg7 6.Be3 Nf6 7.Bc4
Qa5 8.O-O O-O 9.Bb3 d6 10.h3 Bd7 11.Re1 Rfe8 12.Nf3 h6 13.Qd3
Qh5 14.Nd5 Rac8 15.Nf4 Qa5 16.Bd2 Nb4 17.Bxf7+ Kxf7 18.Qb3+ e6
19.Bxb4 Qa4 20.e5 Qxb3 21.axb3 Nd5 22.Nxd5 exd5 23.Rxa7 1-0

[Event "SV Nürtingen 1 - SC Böblingen 1"]
[Site "Oberliga 2019/2020"]
[Date "2020.09.13"]
[Time "10:00:00"]
[Round "9"]
[White "Mehne, Claudius"]
[Black "Kuklin, Valentin"]
[WhiteElo "2200"]
[BlackElo "2370"]
[WhiteTeam "SV Nürtingen 1"]
[BlackTeam "SC Böblingen 1"]
[Board "2"]
[Result "1/2-1/2"]

1.f4 Nf6 2.Nf3 g6 3.g3 Bg7 4.Bg2 O-O 5.O-O d5 6.d3 d4 7.c3 c5
8.e4 dxc3 9.bxc3 Nc6 10.Na3 Qa5 11.Nc4 Qa6 12.Nce5 Rd8 13.Nxc6
Qxc6 14.Ne5 Qa6 15.d4 cxd4 16.cxd4 Ng4 17.Qb3 Nxe5 18.fxe5 Qb6
19.Bb2 {(=)} Qxb3 20.axb3 Bh6 21.Kf2 Bd7 22.Bc1 Bg7 23.Be3 Rdc8
{(=)} 24.Rfc1 a6 25.Rxc8+ Rxc8 26.Rc1 Rxc1 27.Bxc1 Bb5 28.Bf1 1/2-1/2

[Event "SV Nürtingen 1 - SC Böblingen 1"]
[Site "Oberliga 2019/2020"]
[Date "2020.09.13"]
[Time "10:00:00"]
[Round "9"]
[White "Tran, Thanh Kien"]
[Black "Mareck, Sascha"]
[WhiteElo "2144"]
[BlackElo "2109"]
[WhiteTeam "SC Böblingen 1"]
[BlackTeam "SV Nürtingen 1"]
[Board "3"]
[Result "1/2-1/2"]

1.Nf3 c5 2.g3 Nc6 3.Bg2 g6 4.O-O Bg7 5.c4 e5 6.Nc3 Nge7 7.a3
O-O 8.Rb1 d5 9.cxd5 Nxd5 10.Nxe5 Nxc3 11.Nxc6 Nxe2+ 12.Qxe2 bxc6
13.Bxc6 Rb8 14.d3 Ba6 15.Rd1 Rb6 16.Qf3 Qf6 17.Qxf6 Bxf6 18.Be4
Rd8 19.Be3 Bd4 20.b4 cxb4 21.Rxb4 Bxe3 22.fxe3 f5 23.Bf3 Rxb4
24.axb4 Rxd3 25.Ra1 Rd6 1/2-1/2

[Event "SV Nürtingen 1 - SC Böblingen 1"]
[Site "Oberliga 2019/2020"]
[Date "2020.09.13"]
[Time "10:00:00"]
[Round "9"]
[White "Aring, Gerd"]
[Black "Müller, Ralf"]
[WhiteElo "2164"]
[BlackElo "2330"]
[WhiteTeam "SV Nürtingen 1"]
[BlackTeam "SC Böblingen 1"]
[Board "4"]
[Result "0-1"]

1.d4 d5 2.c4 e6 3.Nf3 Nf6 4.Nc3 Be7 5.cxd5 exd5 6.Bg5 c6 7.Qc2
Nbd7 8.e3 h6 9.Bh4 Nh5 10.Bxe7 Qxe7 11.Bd3 Nf4 12.O-O Nxd3 13.Qxd3
O-O 14.e4 dxe4 15.Qxe4 Qb4 16.Qc2 Nf6 17.a3 Qd6 18.Ne4 Nxe4 19.Qxe4
Be6 20.Ne5 Rfe8 21.Rfe1 Rad8 22.Nf3 Qd5 23.Qxd5 Rxd5 24.h3 f6
25.b4 Kf8 26.Re3 Bf7 27.Rc1 Bh5 28.g4 Bf7 29.Kg2 Rd7 30.Kg3 Bd5
31.Rce1 Ra8 32.Nh4 Bf7 33.Nf3 a5 34.Rb1 axb4 35.axb4 b5 36.Rc3
Bd5 37.Rb2 Ra1 38.Nd2 Rg1+ 39.Kf4 Re7 40.Re3 g5+ 41.Kf5 Rxe3
42.fxe3 Kf7 43.Ne4 Be6# 0-1

[Event "SV Nürtingen 1 - SC Böblingen 1"]
[Site "Oberliga 2019/2020"]
[Date "2020.09.13"]
[Time "10:00:00"]
[Round "9"]
[White "Vujic, Branimir"]
[Black "Kill, Matthias"]
[WhiteElo "2248"]
[BlackElo "1984"]
[WhiteTeam "SC Böblingen 1"]
[BlackTeam "SV Nürtingen 1"]
[Board "5"]
[Result "1-0"]

1.d4 g6 2.e4 Bg7 3.Nc3 d6 4.Be3 a6 5.h4 Nf6 6.f3 b5 7.Qd2 Nbd7
8.a4 b4 9.Nd1 c5 10.c3 bxc3 11.bxc3 Qa5 12.Nb2 d5 13.e5 Ng8 14.Nh3
Rb8 15.Nd3 e6 16.Be2 Ne7 17.g4 Nc6 18.f4 cxd4 19.cxd4 Qxd2+ 20.Kxd2
Na5 21.Ke1 f6 22.Kf2 O-O 23.Kg2 Nc4 24.Bf2 a5 25.Rab1 Ba6 26.Rhe1
Nd2 27.Rbc1 Bc4 28.Be3 Ne4 29.Ndf2 Nxf2 30.Bxf2 Nb6 31.exf6 Rxf6
32.g5 Rff8 33.Bg4 Rfe8 34.Bxe6+ Kf8 35.f5 gxf5 36.Bxf5 h6 37.Nf4
hxg5 38.hxg5 Nxa4 39.Rxe8+ Kxe8 40.Re1+ Kf8 41.Ng6+ Kf7 42.Re7+
Kg8 43.Be6+ Kh7 44.Nf4 Kh8 45.Nh5 Bf8 46.Ra7 Nc3 47.Bg3 1-0

[Event "SV Nürtingen 1 - SC Böblingen 1"]
[Site "Oberliga 2019/2020"]
[Date "2020.09.13"]
[Time "10:00:00"]
[Round "9"]
[White "Schwarz, Arnd-Rüdiger"]
[Black "Bauer, Peter"]
[WhiteElo "2156"]
[BlackElo "2133"]
[WhiteTeam "SV Nürtingen 1"]
[BlackTeam "SC Böblingen 1"]
[Board "6"]
[Result "0-1"]

1.d4 Nf6 2.Nf3 e6 3.c4 d5 4.g3 Be7 5.Bg2 O-O 6.O-O b6 7.Nc3 Bb7
8.Ne5 Qc8 9.cxd5 exd5 10.Bg5 Qe6 11.f4 a6 12.Qb3 Rd8 13.f5 Qd6
14.e4 c5 15.Nxf7 Kxf7 16.e5 Qc6 17.exf6 gxf6 18.Bh6 cxd4 19.Qd1
dxc3 20.Qh5+ Kg8 21.Qg4+ Kf7 22.Rae1 Qc5+ 23.Kh1 Bf8 24.Qh5+
Kg8 25.Rf4 Bxh6 26.Qxh6 Qf8 27.Rg4+ Kh8 28.Qc1 Nd7 29.bxc3 Ne5
30.Rh4 Nd3 0-1

[Event "SV Nürtingen 1 - SC Böblingen 1"]
[Site "Oberliga 2019/2020"]
[Date "2020.09.13"]
[Time "10:00:00"]
[Round "9"]
[White "Schröter, Samuel"]
[Black "Reutter, Frank"]
[WhiteElo "2155"]
[BlackElo "1954"]
[WhiteTeam "SC Böblingen 1"]
[BlackTeam "SV Nürtingen 1"]
[Board "7"]
[Result "1-0"]

1.c4 Nf6 2.Nc3 g6 3.g3 d5 4.cxd5 Nxd5 5.Bg2 Nxc3 6.bxc3 Bg7 7.Rb1
c6 8.Nf3 Nd7 9.O-O Nf6 10.Qc2 Qa5 11.e4 O-O 12.d4 c5 13.Ne5 Qc7
14.Qb3 Rd8 15.Qxf7+ Kh8 16.Bf4 Qa5 17.Qc4 Rf8 18.Nf7+ Rxf7 19.Qxf7
Ng8 20.Be5 Bxe5 21.dxe5 Qa6 22.Qb3 c4 23.Qb2 Rb8 24.h3 b5 25.Kh2
g5 26.Qd2 g4 27.h4 Nh6 28.Qd8+ Ng8 29.Rbd1 Qe6 30.Rd5 a6 31.Rfd1
Ra8 32.Qc7 Kg7 33.Rd8 Nh6 34.Re8 1-0

[Event "SV Nürtingen 1 - SC Böblingen 1"]
[Site "Oberliga 2019/2020"]
[Date "2020.09.13"]
[Time "10:00:00"]
[Round "9"]
[White "Hanak, Thomas"]
[Black "Frolik, Erhard"]
[WhiteElo "1870"]
[BlackElo "2187"]
[WhiteTeam "SV Nürtingen 1"]
[BlackTeam "SC Böblingen 1"]
[Board "8"]
[Result "1/2-1/2"]

1.e4 d5 2.exd5 Qxd5 3.Nf3 Bg4 4.Be2 Nc6 5.d4 O-O-O 6.c4 Qh5 7.Be3
e5 8.d5 e4 9.Ng5 Bb4+ 10.Nc3 Bxe2 11.Qxe2 Bxc3+ 12.bxc3 Qxe2+
13.Kxe2 Ne5 14.Bd4 h6 15.Bxe5 hxg5 16.Bxg7 Rh7 17.Bd4 b6 18.h3
Rh6 19.Be3 Rg6 20.h4 gxh4 21.Rxh4 f5 22.g3 Nf6 23.a4 Ng4 24.Bf4
Nf6 25.Rhh1 Ne8 26.Rhd1 Nd6 27.Rd4 Nb7 28.Rdd1 Na5 29.c5 bxc5
30.Be3 a6 31.Rab1 Rb6 32.Rxb6 cxb6 33.d6 Nc4 34.Bf4 Kd7 35.Rh1
Nxd6 36.Rh6 Nc4 37.Rf6 Rh8 38.Rxf5 Ke6 39.Rg5 Rh1 40.Rg6+ Kf5
41.Rg5+ Kf6 42.g4 Ra1 43.Rf5+ Kg6 44.Rg5+ Kf6 1/2-1/2